000 00812cam a22002651 4500
001 l 36000039
003 DLC
005 20260227111535.0
008 790813s1935 sz k 000 0 engx
010 _al 36000039
035 _a(OCoLC)5267270
040 _aDLC
_cArU
_dDLC
042 _apremarc
050 0 0 _aHD4813
_b.I4 ser. J, no. 4
051 _aL10
_b.I85 no. 4
110 2 _aInternational Labour Office.
_bGeneva.
245 1 0 _aProblems of vocational guidance.
260 _aGeneva,
_c1935.
300 _aiv, 183 p.
_bincl. diagrs., forms.
_c24 cm.
490 0 _aStudies and reports, series J (Education)
_vno. 4
504 _aAppendix x (bibliography): p. 174-183.
500 _aAt head of title: International Labour Office.
650 0 _aVocational guidance.
650 0 _aAbility
_xTesting.
999 _c36182
_d36182